[Event "Beersheba"]
[Site "Beersheba"]
[Date "1990.??.??"]
[Round "1"]
[White "Kortschnoj, Viktor Lvovich"]
[Black "Greenfeld, Alon"]
[Result "1-0"]
[WhiteElo "2625"]
[BlackElo "2530"]
[Annotator "Ftacnik,L"]
[PlyCount "73"]
[EventDate "1990.03.??"]
[EventType "tourn"]
[EventRounds "9"]
[EventCountry "ISR"]
[EventCategory "13"]
[SourceTitle "CBM 017"]
[Source "ChessBase"]
[SourceDate "1990.08.01"]
[SourceVersion "1"]
[SourceVersionDate "1990.08.01"]
[SourceQuality "1"]

1. c4 {Wahls} Nf6 2. Nc3 c5 3. Nf3 e6 4. g3 b6 5. Bg2 Bb7 6. O-O Be7 7. b3 d6
8. d4 cxd4 9. Qxd4 Nbd7 10. Nb5 Nc5 11. Rd1 Nfe4 12. Qxg7 $3 {N} (12. b4 Bf6
13. Qe3 Bxa1 14. bxc5 bxc5 15. Ng5 Bd4 16. Nxd4 cxd4 17. Rxd4 Nc5 18. Bxb7 Nxb7
19. Nxf7 Kxf7 20. Qf3+ Kg8 21. Qxb7 Rb8 22. Qe4 $18 {Andersson,U-Greenfeld,A/
Thessaloniki ol/1988/}) 12... Bf6 13. Qh6 Bxa1 14. Ng5 Be5 (14... Nxg5 15. Bxg5
f6 16. Nxd6+ Ke7 17. Qg7#) (14... a6 15. Nxe4 Nxe4 16. Bxe4 axb5 (16... Bxe4
17. Nxd6+ Ke7 18. Ba3 $18) 17. Bxb7 Ra7 18. Bc6+ Ke7 19. Bg5+) (14... Bf6 15.
Nxe4 Bxe4 (15... Nxe4 16. Bxe4 Bxe4 17. Nxd6+ Ke7 18. Ba3 $18) 16. Nxd6+ Ke7
17. Bxe4 Nxe4 (17... Rb8 18. Nf5+ exf5 19. Rxd8 $18) 18. Ba3 Nxd6 19. Rxd6 $18)
(14... Nxf2 15. Kxf2 Bxg2 16. Nxd6+ Ke7 17. Ngxf7 (17. Nf5+ exf5 18. Rxd8 Raxd8
19. Kxg2) 17... Qf8 18. Bg5+ Kd7 19. Kxg2 $18) (14... Rg8 15. Nxe4 Bxe4 (15...
Nxe4 16. Bxe4 Bxe4 17. Nxd6+ Ke7 18. Ba3 $18) 16. Nxd6+ Ke7 17. Bxe4 Nxe4 18.
Qh4+ $1 Nf6 19. Ba3 $18) (14... Nc3 15. Nxd6+ Ke7 16. Ngxf7 Nxe2+ (16... Nxd1
17. Bg5+ Kd7 18. Nxd8 Bxg2 19. N6f7 $18) 17. Kf1 Bxg2+ 18. Kxg2 Qf8 19. Bg5+
Kd7 20. Nb5+ Kc8 21. Qh5 $1 $18) (14... Qf6 15. Nxe4 (15. Qxf6 Bxf6 (15... Nxf6
16. Nxd6+ Ke7 17. Nxb7 $16) 16. Nxe4 Bxe4 17. Nxd6+ Ke7 18. Nxe4 Rad8 19. Re1
Bd4 $14) 15... Qxh6 (15... Bxe4 $2 16. Nxd6+ Ke7 17. Bg5 $18) 16. Nbxd6+ Ke7
17. Bxh6 Be5 $8 18. Nxb7 Nxb7 19. f4 Bb2 20. Bg5+ f6 21. Nxf6 Bxf6 22. Bxf6+
Kxf6 23. Bxb7 Rad8 24. Rd3 $16) 15. b4 $1 Qf6 (15... Nxg5 16. Bxg5 f6 17. bxc5
Bxg2 18. Nxd6+ Bxd6 19. Bxf6 $18) (15... f6 16. bxc5 fxg5 17. Bxe4 Bxe4 18.
Nxd6+ Bxd6 19. Rxd6 $18) (15... Nc3 16. Nxc3 (16. bxc5 $5 Nxd1 17. Bxb7 Nc3 (
17... bxc5 18. Bc6+ (18. Nxe6 $5 fxe6 19. Qxe6+ Qe7 20. Bc6+ Kf8 21. Bh6+ Bg7
22. Bxg7+ Qxg7 23. Bxa8 $18) 18... Ke7 19. Ne4 {/\ Bg5+-}) 18. Nxc3 Bxc3 19.
Bc6+ Ke7 20. Ne4 $18) 16... Bxg2 17. bxc5 Bxc3 18. cxd6 (18. Kxg2 bxc5 19. Ne4
$40) 18... Bc6 19. d7+ (19. Nxe6 Qd7 $1 $13 (19... Qf6 $6 20. d7+ Bxd7 21. Nc7+
Kd8 22. Bg5 $18)) 19... Bxd7 20. Ne4 $22 Be5 21. Bg5 $18) (15... Bf6 16. bxc5
Bxg5 17. Bxg5 Qxg5 18. Qxg5 Nxg5 19. Bxb7 Rb8 20. c6 $16) (15... a6 16. bxc5
Nxc5 (16... axb5 17. Nxe4 Bxe4 18. Bxe4 $18) 17. f4 $1 axb5 18. fxe5 Bxg2 19.
Qg7 Rf8 20. Nxh7 $18) (15... Rg8 16. bxc5 Rg6 (16... Nxc5 17. f4 Bxg2 18. fxe5
$40) 17. Qxh7 $1 (17. Nxe4 Rxh6 18. Bxh6 Bxe4 19. Bxe4 Rc8 $13) 17... Nxg5 (
17... Rxg5 18. Bxe4 Bxe4 19. Qxe4 {/\ Qa8+-}) 18. Bxg5 Rxg5 19. Bxb7 Rb8 20. c6
$40) 16. Qxf6 Nxf6 17. f4 $1 (17. bxc5 Bxg2 18. Kxg2 dxc5 19. Nf3 Bb8) 17...
Bxg2 (17... Ba1 18. Nxd6+ $1 (18. bxc5 Bxg2 19. Kxg2 bxc5 20. Ba3 Bd4 $13)
18... Ke7 19. bxc5 Bxg2 20. Ba3 $1 $16) 18. fxe5 dxe5 (18... Bc6 19. Nxd6+ Kf8
20. exf6 Nd7 21. Ngxf7 {/\ Bh6+-}) 19. bxc5 Bc6 20. Nc7+ Kf8 (20... Ke7 21. Ba3
$1 $18) 21. Nxa8 Bxa8 22. Bb2 (22. cxb6 axb6 23. Rd8+ Kg7 24. Rxh8 Kxh8 25.
Nxf7+ Kg8 26. Nxe5 $16) 22... Rg8 (22... Ng4 23. h3 h6 24. hxg4 hxg5 25. Rd8+
$18) (22... Kg7 23. Bxe5 Kg6 24. Rf1 $18) 23. Bxe5 Ke7 (23... Ne8 24. Rd8 Rxg5
25. Bd6+ Kg7 26. Rxa8 $18) 24. Rf1 Nd7 (24... Rg6 $5) 25. Nxf7 bxc5 26. Bd6+
Ke8 27. Bc7 Ke7 (27... Rg7 28. Nd6+ Ke7 29. Nc8+ Ke8 30. Nxa7 $18) (27... Rf8
28. Nd6+ Ke7 29. Rxf8 Kxf8 (29... Nxf8 30. Nb5 Kd7 (30... a6 31. Bd6+ Kd7 32.
Bxf8 axb5 33. cxb5 c4 34. Bb4 $18) 31. Bd6 Ng6 32. Bxc5 a6 33. Nd6 $16) 30. Nc8
a6 31. Nb6 $1 Nxb6 32. Bxb6 $18) 28. Rf4 Bc6 29. Kf2 Rg7 (29... Ba4 $5) 30. Ne5
Nxe5 31. Bxe5 Rg6 (31... Rf7 32. Bd6+ $18) 32. Rh4 h6 33. Bf4 Bb7 34. Ke3 Ba6
35. Bxh6 e5 36. Kd3 Rd6+ 37. Kc3 {Ftacnik,L} (37. Kc3 Rd4 38. Be3 Rxh4 39.
Bxc5+ Ke6 40. gxh4 $18) 1-0

[Event "Interzonal-15"]
[Site "Manila"]
[Date "1990.??.??"]
[Round "5"]
[White "Kortschnoj, Viktor Lvovich"]
[Black "Gulko, Boris F"]
[Result "1-0"]
[WhiteElo "2630"]
[BlackElo "2600"]
[Annotator "Stohl,I"]
[PlyCount "101"]
[EventDate "1990.06.29"]
[EventType "swiss"]
[EventRounds "13"]
[EventCountry "PHI"]
[SourceTitle "CBM 019"]
[Source "ChessBase"]
[SourceDate "1990.12.01"]
[SourceVersion "1"]
[SourceVersionDate "1990.12.01"]
[SourceQuality "1"]

1. d4 Nf6 2. c4 g6 3. Nc3 d5 4. cxd5 Nxd5 5. e4 Nxc3 6. bxc3 Bg7 7. Bc4 O-O 8.
Be3 $5 b6 (8... Nc6 $5 9. Nf3 $5 e5 10. Rc1 (10. d5 Na5 11. Be2 b6 12. O-O f5
$13) 10... Bg4 11. d5 Na5 12. Be2 Bxf3 13. Bxf3 Nc4 14. Bc5 Re8 15. Qb3 Bh6 16.
Rc2 b6 $1 $146 {Kortchnoi-Ftacnik,Beersheva 1990}) 9. Nf3 Ba6 $6 (9... Bb7 10.
Qc2 (10. e5 c5 11. e6 f5 $132) 10... Nc6 (10... c5 11. d5 $14 {()}) 11. O-O Na5
12. Be2 c5 13. d5 $5 (13. dxc5 Qc7 $146 {Torre-Gulko,Manila izt 1990}) 13... e6
14. Rad1 exd5 15. exd5 c4 16. d6 Qd7 $13) 10. Bxa6 Nxa6 11. Qa4 $1 (11. O-O c5
12. Qa4 Nc7 $5 13. dxc5 Ne6 $1 (13... Bxc3 $6 14. Rad1 Qc8 15. cxb6 axb6 16.
Qb3 $16) 14. cxb6 axb6 $146) 11... Nb8 (11... Qc8 $5 12. O-O c5 13. Rac1 $14)
12. O-O Qd7 (12... Nd7 13. Rad1 {/\c4()}) 13. Qc2 Nc6 (13... c5 14. d5 (14.
dxc5 Rc8 {/\Sa6<=>}) 14... e6 15. Rad1 exd5 16. exd5 $36) 14. Rad1 e6 (14...
Na5 15. c4 c5 16. d5 e5 17. Bd2 Nb7 18. a4 $36) 15. c4 $16 Rad8 16. Rfe1 Rfe8 (
16... Qc8 $5 {/\Td7,Tfd8}) 17. h3 Qe7 $6 18. Bg5 (18. d5 $5) 18... f6 (18...
Bf6 19. Bxf6 (19. h4 Bxg5 20. hxg5 e5 21. d5 Na5 $13 {/\Sb7-c5}) 19... Qxf6 20.
e5 Qe7 (20... Qf5 $2 21. Re4 {/\De2,g4}) 21. Qe4 $40) 19. Bh4 (19. Be3 $5)
19... e5 $8 20. d5 Na5 21. Nd2 Bf8 (21... Bh6 22. Nb3 $1 (22. f3 Bxd2 $5 23.
Rxd2 c5 {/\Sb7-d6}) 22... Nb7 23. f3 $36 {/\Lf2,c5}) (21... Nb7 $5 22. Nb3 $5 (
22. f3 Nc5 23. Bf2 Bf8 24. Nb3 Nxb3 25. axb3 Qb4 26. Ra1 Bc5 $1 $10) 22... Nc5
23. Nxc5 Qxc5 24. Qb3 {/\Kf1,f3,Lf2}) 22. f3 Qf7 23. Bf2 Nb7 24. Nb3 a5 25. Rf1
$1 (25. c5 $2 a4) (25. a4 $5 Bb4 26. Rf1 Qe7 27. c5 bxc5 28. Rc1 Ba3 29. Ra1
Bb4 30. Rfc1 $16) 25... Ba3 (25... Bb4 26. c5 a4 27. c6 axb3 28. Qxb3 {-25...
La3}) (25... a4 26. Nc1 Nc5 27. Nd3 $16) 26. c5 $1 a4 27. c6 axb3 $8 (27... Nd6
28. Nd2 b5 $8 (28... Ra8 29. Nb1 Bb4 30. a3) 29. Nb1 Bb4 30. a3 Ba5 31. Nc3 $18
{/\Dd3,Tb1,Lc5}) 28. Qxb3 Bd6 29. cxb7 Rb8 30. a4 Rxb7 31. a5 $16 Qd7 (31...
Ra8 32. axb6 cxb6 33. Qb5 $1 Ra5 34. Qc6 Qe7 35. Ra1 Rxa1 36. Rxa1 b5 37. Ra8+
(37. Ra6 b4 $1) 37... Kg7 38. Qc8 b4 39. Be3 g5 40. Qg8+ Kh6 41. h4 b3 42.
hxg5+ fxg5 43. Ra6 $18 {/\Td6}) 32. Ra1 Ra8 33. Kh2 $6 (33. axb6 $6 Rxa1 34.
Rxa1 cxb6 $14) (33. Qb2 $5 $16) 33... Kg7 $2 (33... Rba7 $1 34. axb6 Rxa1 35.
Rxa1 (35. b7 R1a5 36. b8=Q+ $14) 35... Rxa1 36. b7 c6 37. dxc6+ Qf7 38. b8=Q+
Bxb8 39. Qxb8+ Qf8 40. c7 Ra8 $8 (40... Rc1 $2 41. Be1 $1 Kf7 $8 42. Bb4 Qe8
43. Qb7 Kg8 44. Be7 $1 Rc6 (44... Kg7 45. Bd8 $18) 45. Bxf6 $18 {/\c8D}) 41.
Ba7 $146 (41. Qb7 $146)) 34. Qb2 $1 Ra6 35. Rfc1 b5 (35... Qd8 36. Qb5 Qa8 37.
Qd7+ Kg8 38. Bxb6 $18) (35... Qe8 {/\Da8} 36. axb6 (36. Rc6 Qa8 37. Bxb6 $2 Qb8
38. Qb5 Ra8) 36... Rxa1 37. Qxa1 cxb6 38. Rc6 $18) 36. Rc6 $1 Rxc6 (36... Ra8
37. a6 Rbb8 38. Ra5 b4 39. Qb3 $18) 37. dxc6 Qxc6 38. a6 Rb8 39. a7 Ra8 40. Ra5
b4 (40... Bc5 $2 41. Qc3) 41. Qb3 $18 Rd8 (41... Qb7 {/\c5} 42. Qd5 $1 (42. Qc4
c5) 42... Qxd5 43. exd5 $18 {/\Tb5-b8}) 42. Qd5 Qa8 $1 (42... Qxd5 43. exd5)
43. Qxa8 Rxa8 44. Rb5 c5 (44... c6 45. Rb7+ Kh6 $8 (45... Kg8 46. Bc5 Bxc5 47.
Rb8+ Kg7 48. Rxa8 Kh6 49. Rb8 Bxa7 50. Rxb4 $18) 46. Rd7 Bf8 (46... Bb8 47. Bc5
$1 Bxa7 48. Bxa7 b3 49. Rb7 b2 50. Be3+) 47. Bb6 {/\Td8} b3 $8 48. Rb7 $1 Bd6 (
48... b2 49. Be3+ g5 50. Rb8 b1=Q 51. Rxa8 $3) 49. Be3+ g5 50. Rxb3 $18 {
/\Lb6,Td3-d8}) 45. Rb6 $1 Bf8 (45... Be7 46. Rb7 $18) (45... Rxa7 46. Rxd6 Rc7
47. Rb6 {/\Tb5}) 46. Rb7+ Kh6 (46... Kg8 47. Bxc5) 47. Be3+ g5 48. Rb8 Rxa7 49.
Rxf8 Rb7 (49... b3 50. Rb8) 50. Bxc5 b3 (50... Kg7 51. Rd8 b3 52. Rd1) 51. Rg8
$3 {[51...Tc7 (51...b2 52.Lf8 Kh5 53.g4 Kh4 54.Lc5-+) 52.Lf8 Kh5 53.La3 (/\Tb8)
Ta7 54.g4 Kh4 55.Tg7! Tg7 56.Lc5/\Lf2 (I.Stohl)} (51. Ba3 $2 Kg7 $1 $10) 1-0

[Event "Interzonal-15"]
[Site "Manila"]
[Date "1990.??.??"]
[Round "7"]
[White "Kortschnoj, Viktor Lvovich"]
[Black "Lautier, Joel"]
[Result "1-0"]
[WhiteElo "2630"]
[BlackElo "2570"]
[Annotator "Ftacnik,L"]
[PlyCount "67"]
[EventDate "1990.06.29"]
[EventType "swiss"]
[EventRounds "13"]
[EventCountry "PHI"]
[SourceTitle "CBM 019"]
[Source "ChessBase"]
[SourceDate "1990.12.01"]
[SourceVersion "1"]
[SourceVersionDate "1990.12.01"]
[SourceQuality "1"]

1. c4 c5 2. Nf3 Nf6 3. Nc3 Nc6 4. d4 cxd4 5. Nxd4 e6 6. a3 Bc5 7. Nb3 Be7 8. e4
(8. Bg5 h6 9. Bh4 O-O 10. e3 b6 11. Be2 Ba6 $10 {Stohl,I-Khalifman,A/Manila
izt/1990/}) 8... O-O 9. Be2 b6 10. f4 {N} (10. Be3 Bb7 11. c5 Na5 12. Nxa5 bxa5
13. f3 Rc8 14. Qb3 Ba8 15. Ba6 Rc6 $13 {Hansen,L-Hansen,C/Vejstrup/1989/}) (10.
O-O $5 {Ribli}) 10... d6 11. Bf3 Bb7 12. Be3 Rc8 13. O-O Qc7 (13... Ba6 $5 14.
Nb5 (14. Nd2 d5 $5 15. exd5 (15. e5 d4) 15... exd5 16. Bxd5 (16. Nxd5 Nxd5 17.
Bxd5 Bf6 18. Rb1 Ne7 19. Bf3 Bd4 $132) 16... Re8 {/\ Bd6<=>}) (14. Be2) 14...
d5 $1 15. e5 Nd7 16. Rf2 dxc4) 14. g4 (14. Rc1 Qb8) 14... Rfe8 (14... Na5 15.
Nxa5 (15. g5 Nxc4 16. gxf6 Nxe3 17. Qe2 Nxf1 18. fxe7 $13) 15... bxa5 16. b3 (
16. g5 Nd7 17. b3 Nc5 $132) 16... d5 $5 17. exd5 exd5 18. g5 (18. Nxd5 Nxd5 19.
Bxd5 Bc5 $1 $132) 18... Bc5 19. Bxc5 Qxc5+ 20. Kg2 Ne4 21. Nxd5 $14) 15. Rc1 (
15. g5 Nd7 16. Nb5 Qb8 17. e5 dxe5 $1 18. Qxd7 Red8 19. Bxc6 Rxd7 20. Bxd7 Rd8
21. Rad1 Ba8 $1 {/\ Qb7-/+}) 15... Qb8 16. Rc2 $6 (16. Rf2 $5) 16... Na5 (16...
Ba6 $5 17. Nb5 (17. Nd2 d5 18. exd5 (18. e5 d4 19. exf6 dxe3) 18... exd5 19.
Nxd5 Nxd5 20. Bxd5 Bxa3 $40) (17. g5 Bxc4 $1 18. gxf6 Bxb3 (18... Bxf6 $2 19.
e5 $1 dxe5 20. Ne4 Bxb3 21. Nxf6+ gxf6 22. Rg2+ $18) 19. fxe7 Bxc2 20. Qxc2
Nxe7 $13) 17... d5 $1 18. exd5 (18. e5 dxc4 19. exf6 Bxb5) 18... exd5 19. Bxd5
Red8 $40) (16... Ba6 $5 {Ribli}) 17. Nxa5 bxa5 18. g5 (18. b3 a4 $1 19. g5 axb3
20. Rb2 Nd7 21. Qxb3 Bc6) 18... Nd7 19. b3 Ba8 (19... d5 20. exd5 (20. cxd5
exd5 21. Nxd5 (21. exd5 $2 Bd6 $1) 21... Rxc2 $1 (21... Bxa3 22. Rxc8 Bxc8 23.
Qc2 $14) (21... Bxd5 22. Rxc8 Rxc8 23. Qxd5 Bc5 24. Bxc5 Nxc5 25. Bg4 $1) 22.
Nxe7+ Rxe7 23. Qxc2 Qa8 $1 24. Rc1 g6 $13) 20... Bxa3 (20... exd5 21. Bxd5 $1
$16) 21. dxe6 (21. Nb5 Bc5 22. Bxc5 Nxc5 23. d6 Red8) 21... Rxe6 22. Qxd7 Rc7
23. Qb5 (23. Qa4 Rxe3 24. Bxb7 Bc5 $1) 23... Rxe3 24. Nd5 a6 25. Qxa5 (25. Qb6
$2 Bc5 26. Qxc7 Qxc7 27. Nxc7 Rxf3+ $19) 25... Bxd5 26. Bxd5 Rxb3 $10) 20. Qb1
Nb6 (20... Nc5 21. b4 axb4 22. axb4 Nd7 23. Be2 $14) (20... d5 $1 21. exd5 (21.
cxd5 exd5 22. Bg4 Rcd8) 21... Bxa3 $15) 21. Kg2 a4 (21... d5 22. cxd5 exd5 (
22... Bxa3 23. dxe6 Rxe6 24. Nb5) 23. e5 $5 Bxa3 (23... Bc5 24. Bxc5 Rxc5 25.
Ne2) 24. Bxb6 axb6 25. Nxd5 $36) 22. Nxa4 (22. Bxb6 $6 axb3 23. Qxb3 Qxb6 $15)
22... Nxa4 23. bxa4 Qc7 (23... Bc6 24. Qxb8 Rxb8 25. a5 $14) 24. Rfc1 Rb8 $6 (
24... Bc6 25. c5 (25. Rb2 Qa5) 25... d5 26. e5 (26. Qb4 Rb8 27. Qd4 dxe4 28.
Bxe4 e5 29. fxe5 Bxg5 30. Bxg5 Rxe5 31. Bf4 Rxe4) (26. exd5 exd5 {/\ d4, xf4})
26... Bxa4 27. Rb2 {/\ Bd4}) 25. Rb2 Rxb2+ (25... Bc6 26. Rb4 $5) 26. Qxb2 Rb8
(26... Bc6 27. c5 (27. Qd4 a6) 27... Bxa4 28. cxd6 Qxd6 29. e5 Qd7 $10) 27. Qc3
$1 (27. Qd4 a6 {/\ Bc6<=>}) 27... Bc6 28. c5 (28. a5 Ba4 $132) 28... Bxa4 (
28... d5 29. exd5 exd5 30. h4 $14) (28... dxc5 29. Bxc5 Bxa4 (29... Bxc5 30.
Qxc5 Rc8 31. Kg3 Qb8 $14) 30. Qxg7+ (30. Bxe7 Qxe7 31. Qc7) 30... Kxg7 31. Bd4+
e5 32. Rxc7 exd4 33. Rxe7 Rd8 34. Rxa7 Bc2 35. Rc7 d3 36. Kf2 $16) 29. Qd4 Be8
$2 (29... Bd7 30. cxd6 Qxd6 31. Qxd6 Bxd6 32. Rd1 $18) (29... Bc6 30. cxd6 Bxd6
31. Qxa7 (31. Qc3 Rc8 $13) 31... Qxa7 32. Bxa7 Rc8 $1 33. Rc3 Bxf4 $14) (29...
Qd7 30. cxd6 Bxd6 31. Qxa7 Qxa7 32. Bxa7 Bxf4 (32... Bxa3 33. Rc3 Bb2 34. Rc4
Bb3 35. Rc7 $36) 33. Rc4 Bb3 (33... Rb2+ $5 34. Kh3 Bd7) 34. Rc3 Ra8 35. e5 Bd5
) 30. cxd6 Qxd6 31. Qxa7 Rb2+ (31... e5 32. f5 $1) (31... Kf8 32. Kg3 {/\ Bc5})
32. Kg3 Bf8 (32... Qxa3 33. Rc8 Kf8 34. Qd7 $18) (32... Bd7 33. Bc5 Qd2 34.
Qa8+ $18) (32... e5 33. Rc8 Kf8 34. f5 $1 (34. Bc5 $2 exf4+ 35. Kh3 Qe6+ 36.
Bg4 Rb3+ 37. Kh4 Qh6+) 34... Ra2 35. Bc5 $18) 33. Rc8 Bd7 34. e5 (34. e5 Qd3
35. Rxf8+ Kxf8 36. Bc5+ $18) 1-0

[Event "Nuremberg rapid"]
[Site "Nuremberg"]
[Date "1990.10.12"]
[Round "2"]
[White "Kortschnoj, Viktor Lvovich"]
[Black "Zueger, Beat"]
[Result "1-0"]
[WhiteElo "2625"]
[BlackElo "2415"]
[PlyCount "55"]
[EventDate "1990.10.12"]
[EventType "tourn (rapid)"]
[EventRounds "13"]
[EventCountry "GER"]
[EventCategory "11"]
[SourceTitle "EXT 2000"]
[Source "ChessBase"]
[SourceDate "1999.11.16"]
[SourceVersion "1"]
[SourceVersionDate "1999.11.16"]
[SourceQuality "1"]

1. d4 Nf6 2. c4 g6 3. Nc3 Bg7 4. e4 d6 5. f4 O-O 6. Be2 c5 7. d5 b5 8. cxb5 a6
9. e5 Nfd7 10. exd6 exd6 11. Nf3 Qa5 12. O-O Bxc3 13. bxc3 Qxc3 14. Bd2 Qa3 15.
f5 Nf6 16. Bh6 Re8 17. fxg6 hxg6 18. Nd2 Qc3 19. Nc4 Ne4 20. b6 Bb7 21. Rc1 Qh8
22. Bf4 Nd7 23. Bf3 Nc3 24. Qd2 Qd4+ 25. Qxd4 cxd4 26. Nxd6 Bxd5 27. Rxc3 dxc3
28. Bxd5 1-0

[Event "Nuremberg rapid"]
[Site "Nuremberg"]
[Date "1990.10.12"]
[Round "4"]
[White "Kortschnoj, Viktor Lvovich"]
[Black "Landenbergue, Claude"]
[Result "1-0"]
[WhiteElo "2625"]
[BlackElo "2385"]
[PlyCount "68"]
[EventDate "1990.10.12"]
[EventType "tourn (rapid)"]
[EventRounds "13"]
[EventCountry "GER"]
[EventCategory "11"]
[SourceTitle "EXT 2000"]
[Source "ChessBase"]
[SourceDate "1999.11.16"]
[SourceVersion "1"]
[SourceVersionDate "1999.11.16"]
[SourceQuality "1"]

1. Nf3 Nf6 2. g3 g6 3. b3 Bg7 4. Bb2 O-O 5. Bg2 c5 6. c4 Nc6 7. O-O d5 8. cxd5
Nxd5 9. Bxg7 Kxg7 10. d4 cxd4 11. Nxd4 Qb6 12. Nxc6 bxc6 13. Na3 Ba6 14. Rc1
Rfd8 15. Nc4 Qc5 16. Qd2 Bb5 17. Qb2+ Kg8 18. h4 Rab8 19. Qe5 Qb4 20. Rfd1 Nf6
21. Rxd8+ Rxd8 22. Qc7 Rd7 23. Qb8+ Kg7 24. a4 Qxb3 25. axb5 cxb5 26. Ne5 Qb2
27. Rf1 Rd2 28. Nd3 Qd4 29. Bf3 a6 30. Qf4 Qxf4 31. gxf4 Ra2 32. Rb1 Ne8 33.
Nb4 Ra4 34. Bb7 a5 {...} 1-0

[Event "Nuremberg rapid"]
[Site "Nuremberg"]
[Date "1990.10.13"]
[Round "6"]
[White "Kortschnoj, Viktor Lvovich"]
[Black "Wirthensohn, Heinz"]
[Result "1-0"]
[WhiteElo "2625"]
[BlackElo "2410"]
[PlyCount "75"]
[EventDate "1990.10.12"]
[EventType "tourn (rapid)"]
[EventRounds "13"]
[EventCountry "GER"]
[EventCategory "11"]
[SourceTitle "EXT 2000"]
[Source "ChessBase"]
[SourceDate "1999.11.16"]
[SourceVersion "1"]
[SourceVersionDate "1999.11.16"]
[SourceQuality "1"]

1. Nf3 Nf6 2. g3 d5 3. Bg2 Nc6 4. d4 Bf5 5. O-O e6 6. c4 Be7 7. cxd5 exd5 8.
Nc3 Ne4 9. Nd2 Nxc3 10. bxc3 Be6 11. Rb1 Rb8 12. e4 O-O 13. c4 Nxd4 14. cxd5
Bd7 15. Nc4 Nb5 16. Bb2 Bc5 17. e5 c6 18. d6 Be6 19. Rc1 a6 20. Kh1 Na7 21. f4
b5 22. Nd2 Be3 23. Qe2 Qb6 24. Rf3 Bd4 25. Bxd4 Qxd4 26. Nb3 Qb6 27. f5 Bc4 28.
Qd2 Rfe8 29. e6 fxe6 30. f6 Rf8 31. Qg5 Rf7 32. fxg7 Rxg7 33. Qe5 Rd8 34. Nc5
Nc8 35. Nxe6 Bxe6 36. Qxe6+ Kh8 37. Rcf1 Rdg8 38. Rf8 1-0

[Event "Nuremberg rapid"]
[Site "Nuremberg"]
[Date "1990.10.13"]
[Round "7"]
[White "Kindermann, Stefan"]
[Black "Kortschnoj, Viktor Lvovich"]
[Result "0-1"]
[WhiteElo "2560"]
[BlackElo "2635"]
[PlyCount "67"]
[EventDate "1990.10.12"]
[EventType "tourn (rapid)"]
[EventRounds "13"]
[EventCountry "GER"]
[EventCategory "11"]
[SourceTitle "EXT 2000"]
[Source "ChessBase"]
[SourceDate "1999.11.16"]
[SourceVersion "1"]
[SourceVersionDate "1999.11.16"]
[SourceQuality "1"]

1. e4 e6 2. d4 d5 3. Nc3 dxe4 4. Nxe4 Nd7 5. Nf3 Ngf6 6. Nxf6+ Nxf6 7. Bg5 c5
8. Bb5+ Bd7 9. Bxd7+ Qxd7 10. Qe2 cxd4 11. Bxf6 gxf6 12. O-O-O Bc5 13. Rd3
O-O-O 14. Rhd1 Qc6 15. g4 e5 16. Nd2 Bb6 17. Ne4 h5 18. h3 hxg4 19. hxg4 Qe6
20. Kb1 Rhg8 21. Rg3 Kb8 22. Rh1 f5 23. gxf5 Qxf5 24. a3 Qe6 25. Ng5 Qe7 26.
Rhg1 f5 27. Qf3 Qd7 28. Qb3 Rc8 29. Rh1 f4 30. Rgg1 d3 31. cxd3 Bxf2 32. Rf1
Rxg5 33. Rxf2 Rg3 34. Rd1 {...} 0-1

[Event "Nuremberg rapid"]
[Site "Nuremberg"]
[Date "1990.10.14"]
[Round "9"]
[White "Brunner, Lucas"]
[Black "Kortschnoj, Viktor Lvovich"]
[Result "0-1"]
[WhiteElo "2525"]
[BlackElo "2625"]
[PlyCount "68"]
[EventDate "1990.10.12"]
[EventType "tourn (rapid)"]
[EventRounds "13"]
[EventCountry "GER"]
[EventCategory "11"]
[SourceTitle "EXT 2000"]
[Source "ChessBase"]
[SourceDate "1999.11.16"]
[SourceVersion "1"]
[SourceVersionDate "1999.11.16"]
[SourceQuality "1"]

1. e4 e6 2. d4 d5 3. Nd2 dxe4 4. Nxe4 Nd7 5. Nf3 Ngf6 6. Nxf6+ Nxf6 7. Bg5 c5
8. Bb5+ Bd7 9. Bxd7+ Qxd7 10. Qe2 cxd4 11. O-O-O Bc5 12. Nxd4 Bxd4 13. Bxf6
gxf6 14. c3 Qc6 15. Rxd4 Rd8 16. Rxd8+ Kxd8 17. Rd1+ Ke7 18. Qd3 h5 19. g3 Rc8
20. Qd4 a5 21. Kb1 Qc7 22. a3 b5 23. Qh4 Qc5 24. Qd4 Qf5+ 25. Ka1 Kf8 26. Qd6+
Kg7 27. Qa6 Rc5 28. Qxa5 Qxf2 29. Qb6 Qe3 30. Qd6 Re5 31. Qd2 Qf3 32. Qd3 Re3
33. Qf1 Qxf1 34. Rxf1 Re2 {...} 0-1

[Event "Nuremberg rapid"]
[Site "Nuremberg"]
[Date "1990.10.14"]
[Round "10"]
[White "Kortschnoj, Viktor Lvovich"]
[Black "Nunn, John DM"]
[Result "1-0"]
[WhiteElo "2625"]
[BlackElo "2600"]
[PlyCount "101"]
[EventDate "1990.10.12"]
[EventType "tourn (rapid)"]
[EventRounds "13"]
[EventCountry "GER"]
[EventCategory "11"]
[SourceTitle "EXT 2000"]
[Source "ChessBase"]
[SourceDate "1999.11.16"]
[SourceVersion "1"]
[SourceVersionDate "1999.11.16"]
[SourceQuality "1"]

1. Nf3 Nf6 2. c4 g6 3. b4 Bg7 4. Bb2 O-O 5. e3 d6 6. d4 c5 7. a3 Qb6 8. Nc3
cxb4 9. Na4 Qc7 10. axb4 Nc6 11. b5 Na5 12. Nd2 Be6 13. d5 Bd7 14. Be2 e6 15.
O-O Rfc8 16. dxe6 Bxe6 17. Rc1 a6 18. c5 axb5 19. Nb6 dxc5 20. Nxa8 Rxa8 21.
Bxf6 Bxf6 22. Bxb5 c4 23. Qa4 Rc8 24. Ne4 Be5 25. f4 Bg7 26. Ng5 Bd5 27. e4 Nb3
28. Rcd1 Nc5 29. Qc2 Bxe4 30. Nxe4 Nxe4 31. Qxe4 Qb6+ 32. Kh1 Qxb5 33. Rb1 Qc6
34. Qxc6 bxc6 35. Rb4 c3 36. Rc4 c5 37. Rd1 Bf6 38. g3 Kg7 39. Kg2 h5 40. Kf3
Rc6 41. Rd5 Rb6 42. Rcxc5 Rb2 43. Rd7 c2 44. Ke4 Rb4+ 45. Kd3 Rb3+ 46. Kxc2
Rb2+ 47. Kd3 Rxh2 48. Rcc7 g5 49. f5 Be5 50. Rxf7+ Kg8 51. Ra7 {...} 1-0

[Event "Nuremberg rapid"]
[Site "Nuremberg"]
[Date "1990.10.14"]
[Round "13"]
[White "Kortschnoj, Viktor Lvovich"]
[Black "Lobron, Eric"]
[Result "1-0"]
[WhiteElo "2625"]
[BlackElo "2545"]
[PlyCount "69"]
[EventDate "1990.10.12"]
[EventType "tourn (rapid)"]
[EventRounds "13"]
[EventCountry "GER"]
[EventCategory "11"]
[SourceTitle "EXT 2000"]
[Source "ChessBase"]
[SourceDate "1999.11.16"]
[SourceVersion "1"]
[SourceVersionDate "1999.11.16"]
[SourceQuality "1"]

1. d4 Nf6 2. c4 e6 3. Nf3 b6 4. g3 Ba6 5. Nbd2 Bb4 6. Qc2 Bb7 7. Bg2 Be4 8. Qb3
c5 9. dxc5 bxc5 10. O-O Bxd2 11. Bxd2 O-O 12. Qe3 Na6 13. Qa3 Qb6 14. Bg5 Nb4
15. Bxf6 gxf6 16. Qc3 Kg7 17. Rfd1 d5 18. cxd5 Nxd5 19. Qc4 f5 20. b3 Rfd8 21.
Qc1 h6 22. Qb2+ Nf6 23. Ne5 Bxg2 24. Kxg2 Rxd1 25. Rxd1 Rd8 26. Rd3 Qb7+ 27. f3
Rd5 28. Rxd5 Qxd5 29. Nd3 Qd4 30. Qxd4 cxd4 31. Nb4 e5 32. Nc6 Nd5 33. Nxe5 Nc3
34. Kf2 Nxa2 35. Nc6 {...} 1-0

[Event "Paris Immopar rapid"]
[Site "Paris"]
[Date "1990.11.??"]
[Round "1"]
[White "Renet, Olivier"]
[Black "Kortschnoj, Viktor Lvovich"]
[Result "0-1"]
[WhiteElo "2520"]
[BlackElo "2625"]
[PlyCount "124"]
[EventDate "1990.11.??"]
[EventType "k.o. (rapid)"]
[EventRounds "3"]
[EventCountry "FRA"]
[SourceTitle "EXT 1997"]
[Source "ChessBase"]
[SourceDate "1996.11.15"]
[SourceVersion "1"]
[SourceVersionDate "1996.11.15"]
[SourceQuality "1"]

1. e4 e6 2. d4 d5 3. Nd2 c5 4. exd5 exd5 5. Ngf3 Nc6 6. Bb5 Bd6 7. O-O Nge7 8.
dxc5 Bxc5 9. Nb3 Bb6 10. Nbd4 O-O 11. c3 Bg4 12. Be2 Nxd4 13. Nxd4 Bxe2 14.
Nxe2 Nc6 15. Nf4 d4 16. cxd4 Bxd4 17. Qb3 Qb6 18. Qg3 Rfe8 19. Rb1 Be5 20. Be3
Qa6 21. a3 Nd4 22. Bxd4 Bxd4 23. Qf3 Rad8 24. b4 Be5 25. g3 Bxf4 26. Qxf4 Qxa3
27. Ra1 Qd3 28. Rxa7 Qd5 29. Qc7 Rd7 30. Qc5 Qf3 31. Qb5 Rde7 32. Ra5 g6 33.
Qd5 Qc3 34. Rb5 Qc7 35. Rc5 Qd7 36. Qxd7 Rxd7 37. Rc4 Re5 38. h4 Rd2 39. Rf4
Red5 40. Rc1 R2d4 41. Rc4 Rxf4 42. Rxf4 Kf8 43. Re4 b5 44. Kg2 f5 45. Re6 Rd4
46. Rb6 Rxb4 47. Rb7 h5 48. Kf3 Ke8 49. Rg7 Rg4 50. Rb7 b4 51. Kg2 f4 52. Kf3
fxg3 53. fxg3 Kd8 54. Ra7 Kc8 55. Ra5 Kc7 56. Rb5 Kc6 57. Rb8 Kc5 58. Rc8+ Kd4
59. Rd8+ Kc3 60. Rc8+ Rc4 61. Re8 b3 62. Rb8 b2 0-1